000 00734nam a2200217Ia 4500
003 IN-BaIIA
008 211028s9999 xx 000 0 eng d
040 _cIIA Library
080 _a047.1:621.38
_bAEE-22A
245 0 _aAdvances in electronics and electron physics
_bvol. 22A
_cedited by J. D. McGee, D. Mcmullan and E. Kahan
260 _aNew York
_bAcademic Press
_c1966
300 _axx, 669p.
490 _aAdvances in electronics and electron physics; v. 22A
650 _aElectronics
_91576
650 _aElectrophysics
650 _aNASA Thesaurus
700 _aKahan E., ed.
_94890
700 _aMcgee, J. D., ed.
_94891
700 _aMcmullan, D., ed.
_94892
942 _cBK
999 _c2728
_d2728